[Event "14th Poti Open-A 2019"]
[Site "Poti"]
[Date "2019.07.14"]
[Round "2.26"]
[White "Gegia, Davit"]
[Black "Chkhaidze, Mariam"]
[Result "1/2-1/2"]
[WhiteElo "1386"]
[BlackElo "1197"]
[Annotator "NA"]
[PlyCount "184"]
[EventDate "2019.07.13"]
[EventType "swiss"]
[EventCountry "GEO"]
[SourceTitle "playchess.com"]
[Source "ChessBase"]
[SourceQuality "1"]
[TimeControl "40/5400+30:1800+30"]

1. d4 {[%emt 0:00:00]} Nf6 {[%emt 0:00:00]} 2. c4 {[%emt 0:00:00]} e5 {[%emt 0:00:00]} 3. d5 {[%emt 0:00:19]} Bc5 {[%emt 0:00:04]} 4. Bg5 {[%emt 0:00:25]} d6 {[%emt 0:00:45]} 5. Nc3 {[%emt 0:01:00]} Bxf2+ {[%emt 0:00:32]} 6. Kd2 {[%emt 0:03:25]} h6 {[%emt 0:01:52]} 7. Bxf6 {[%emt 0:04:12]} Qxf6 {[%emt 0:00:35]} 8. e3 {[%emt 0:01:43]} Bxg1 {[%emt 0:03:54]} 9. Rxg1 {[%emt 0:00:23]} Bd7 {[%emt 0:13:44]} 10. Qb3 {[%emt 0:01:25]} b6 {[%emt 0:07:28]} 11. Be2 {[%emt 0:00:04]} Na6 {[%emt 0:19:24]} 12. Raf1 {[%emt 0:05:16]} Qe7 {[%emt 0:13:04]} 13. Qd1 {[%emt 0:05:26]} O-O-O {[%emt 0:03:38]} 14. a3 {[%emt 0:04:02]} Nc5 {[%emt 0:08:48]} 15. b4 {[%emt 0:00:50]} Nb7 {[%emt 0:00:13]} 16. Bg4 {[%emt 0:01:26]} Kb8 {[%emt 0:05:43]} 17. Rf2 {[%emt 0:06:15]} Qh4 {[%emt 0:01:48]} 18. Rxf7 {[%emt 0:13:54]} Qxg4 {[%emt 0:00:12]} 19. Qxg4 {[%emt 0:00:12]} Bxg4 {[%emt 0:00:05]} 20. Rxg7 {[%emt 0:00:06]} Rdg8 {[%emt 0:00:59]} 21. Re7 {[%emt 0:00:42]} a6 {[%emt 0:00:22]} 22. Ne4 {[%emt 0:01:15]} Kc8 {[%emt 0:04:13]} 23. Nf6 {[%emt 0:01:21]} Rg6 {[%emt 0:00:12]} 24. Ne8 {[%emt 0:03:47]} Bd7 {[%emt 0:00:39]} 25. Ng7 Kd8 {[%emt 0:02:09]} 26. Rf7 {[%emt 0:08:08]} Rg8 {[%emt 0:00:23]} 27. Ne6+ {[%emt 0:00:44]} Bxe6 {[%emt 0:00:14]} 28. dxe6 {[%emt 0:00:06]} Rxe6 {[%emt 0:00:06]} 29. g3 {[%emt 0:00:28]} Re7 {[%emt 0:01:12]} 30. Rf6 {[%emt 0:00:05]} Rh8 {[%emt 0:00:21]} 31. Rgf1 {[%emt 0:00:15]} Kd7 {[%emt 0:00:06]} 32. Rg6 {[%emt 0:00:27]} Nd8 {[%emt 0:01:31]} 33. Rff6 {[%emt 0:00:08]} Nf7 {[%emt 0:02:16]} 34. Kd3 {[%emt 0:00:36]} h5 {[%emt 0:01:03]} 35. Ke4 {[%emt 0:05:18]} Nd8 {[%emt 0:00:37]} 36. c5 {[%emt 0:04:49]} bxc5 {[%emt 0:02:21]} 37. bxc5 {[%emt 0:00:07]} Re6 {[%emt 0:01:58]} 38. c6+ {[%emt 0:03:50]} Ke7 {[%emt 0:00:05]} 39. Rxe6+ {[%emt 0:00:41]} Nxe6 {[%emt 0:00:01]} 40. Kd5 {[%emt 0:01:55]} Nc5 {[%emt 0:00:07]} 41. Rg7+ {[%emt 0:30:12]} Kd8 {[%emt 0:30:04]} 42. Rf7 {[%emt 0:01:09]} a5 {[%emt 0:00:22]} 43. Rf1 {[%emt 0:00:38]} Ke7 {[%emt 0:00:32]} 44. Rb1 {[%emt 0:00:56]} Rf8 {[%emt 0:00:56]} 45. Rb5 {[%emt 0:05:09]} Ra8 {[%emt 0:00:20]} 46. h3 {[%emt 0:01:43]} Kf6 {[%emt 0:00:27]} 47. Rb1 {[%emt 0:00:32]} Ke7 {[%emt 0:00:44]} 48. Rb5 {[%emt 0:01:18]} Kf6 {[%emt 0:00:56]} 49. Rb1 {[%emt 0:00:05]} a4 {[%emt 0:00:10]} 50. Rf1+ {[%emt 0:00:36]} Kg6 {[%emt 0:00:42]} 51. g4 {[%emt 0:00:57]} hxg4 {[%emt 0:00:12]} 52. Rg1 {[%emt 0:00:08]} Kh5 {[%emt 0:02:52]} 53. Rxg4 {[%emt 0:00:12]} Rf8 {[%emt 0:01:10]} 54. Rg7 {[%emt 0:00:11]} Na6 {[%emt 0:00:19]} 55. Kc4 {[%emt 0:02:04]} Rb8 {[%emt 0:00:29]} 56. e4 {[%emt 0:03:15]} Rb6 {[%emt 0:00:33]} 57. Kd5 {[%emt 0:03:05]} Rb5+ {[%emt 0:00:11]} 58. Ke6 {[%emt 0:00:31]} Kh4 {[%emt 0:01:14]} 59. Rh7+ {[%emt 0:00:10]} Kg5 {[%emt 0:00:15]} 60. h4+ {[%emt 0:00:39]} Kg6 {[%emt 0:00:07]} 61. Rh8 {[%emt 0:02:44]} Nc5+ {[%emt 0:00:15]} 62. Ke7 {[%emt 0:02:31]} Nxe4 {[%emt 0:00:10]} 63. Kd7 {[%emt 0:00:13]} Kg7 {[%emt 0:00:10]} 64. Ra8 {[%emt 0:00:31]} Rb3 {[%emt 0:00:23]} 65. Kxc7 {[%emt 0:00:22]} Rxa3 {[%emt 0:00:08]} 66. Kd8 {[%emt 0:00:25]} Nc5 {[%emt 0:00:23]} 67. Ke7 {[%emt 0:00:50]} Rf3 {[%emt 0:01:40]} 68. Kxd6 {[%emt 0:00:24]} Ne4+ {[%emt 0:02:17]} 69. Kxe5 {[%emt 0:00:08]} Rc3 {[%emt 0:00:05]} 70. Ra7+ {[%emt 0:02:06]} Kh6 {[%emt 0:00:21]} 71. c7 {[%emt 0:00:26]} a3 {[%emt 0:00:08]} 72. Kxe4 {[%emt 0:03:24]} a2 {[%emt 0:00:14]} 73. Rxa2 {[%emt 0:00:45]} Rxc7 {[%emt 0:00:04]} 74. Ra8 {[%emt 0:00:07]} Rh7 {[%emt 0:01:04]} 75. Kf4 {[%emt 0:01:07]} Kh5 {[%emt 0:01:00]} 76. Ra1 {[%emt 0:00:06]} Rf7+ {[%emt 0:00:11]} 77. Kg3 {[%emt 0:00:05]} Rg7+ {[%emt 0:00:13]} 78. Kh3 {[%emt 0:00:04]} Rg6 {[%emt 0:00:58]} 79. Ra5+ {[%emt 0:00:09]} Kh6 {[%emt 0:00:03]} 80. Rb5 {[%emt 0:00:40]} Rg7 {[%emt 0:00:24]} 81. Rb8 {[%emt 0:00:09]} Re7 {[%emt 0:00:52]} 82. Rh8+ {[%emt 0:00:14]} Rh7 {[%emt 0:00:02]} 83. Rd8 {[%emt 0:00:49]} Rg7 {[%emt 0:00:12]} 84. Rd6+ {[%emt 0:00:07]} Rg6 {[%emt 0:00:05]} 85. Rxg6+ {[%emt 0:00:05]} Kxg6 {[%emt 0:00:03]} 86. Kg4 {[%emt 0:00:06]} Kh6 {[%emt 0:00:13]} 87. h5 {[%emt 0:00:05]} Kh7 {[%emt 0:00:05]} 88. Kg5 {[%emt 0:00:08]} Kg7 {[%emt 0:00:05]} 89. h6+ {[%emt 0:00:04]} Kh7 {[%emt 0:00:07]} 90. Kh5 {[%emt 0:00:04]} Kh8 {[%emt 0:00:06]} 91. Kg6 {[%emt 0:00:11]} Kg8 {[%emt 0:00:05]} 92. h7+ {[%emt 0:00:06]} Kh8 {[%emt 0:00:02]} 1/2-1/2

[Event "14th Poti Open-A 2019"]
[Site "Poti"]
[Date "2019.07.14"]
[Round "2.27"]
[White "Meparishvili, Luka"]
[Black "Dvalishvili, Akaki"]
[Result "0-1"]
[WhiteElo "1170"]
[BlackElo "1371"]
[Annotator "NA"]
[PlyCount "98"]
[EventDate "2019.07.13"]
[EventType "swiss"]
[EventCountry "GEO"]
[SourceTitle "playchess.com"]
[Source "ChessBase"]
[SourceQuality "1"]
[TimeControl "40/5400+30:1800+30"]

1. d4 {[%emt 0:00:00]} f5 {[%emt 0:00:00]} 2. c4 {[%emt 0:00:00]} Nf6 {[%emt 0:00:00]} 3. Nf3 {[%emt 0:00:00]} e6 {[%emt 0:00:00]} 4. Bg5 {[%emt 0:00:17]} Be7 {[%emt 0:00:00]} 5. Nc3 {[%emt 0:00:12]} d6 {[%emt 0:00:53]} 6. e3 {[%emt 0:00:39]} h6 {[%emt 0:02:17]} 7. Bxf6 {[%emt 0:02:33]} Bxf6 {[%emt 0:00:08]} 8. g3 {[%emt 0:01:08]} c6 {[%emt 0:05:35]} 9. Bg2 {[%emt 0:00:56]} O-O {[%emt 0:01:25]} 10. O-O {[%emt 0:00:24]} Qc7 {[%emt 0:08:32]} 11. Rc1 {[%emt 0:03:54]} e5 {[%emt 0:06:14]} 12. d5 {[%emt 0:02:44]} e4 {[%emt 0:05:44]} 13. Nd4 {[%emt 0:01:32]} a6 {[%emt 0:03:29]} 14. b3 {[%emt 0:03:23]} c5 {[%emt 0:02:47]} 15. Nde2 {[%emt 0:01:12]} Nd7 {[%emt 0:01:07]} 16. Nf4 {[%emt 0:03:47]} Ne5 {[%emt 0:00:54]} 17. Qh5 {[%emt 0:10:57]} Kh7 {[%emt 0:03:44]} 18. Qd1 {[%emt 0:04:49]} Bd7 {[%emt 0:03:59]} 19. a4 {[%emt 0:02:00]} g5 {[%emt 0:03:27]} 20. Nfe2 {[%emt 0:02:16]} Rab8 {[%emt 0:02:29]} 21. Nb1 {[%emt 0:02:18]} b5 {[%emt 0:02:29]} 22. axb5 {[%emt 0:07:39]} axb5 {[%emt 0:00:08]} 23. Nd2 {[%emt 0:00:15]} b4 {[%emt 0:12:21]} 24. Qc2 {[%emt 0:03:45]} Qd8 {[%emt 0:07:01]} 25. f3 {[%emt 0:04:51]} exf3 {[%emt 0:01:30]} 26. Nxf3 {[%emt 0:00:18]} Ng4 {[%emt 0:01:22]} 27. Qd3 {[%emt 0:01:47]} Re8 {[%emt 0:01:30]} 28. Bh3 {[%emt 0:03:32]} Nxe3 {[%emt 0:01:55]} 29. Rf2 {[%emt 0:01:09]} g4 {[%emt 0:01:20]} 30. Nh4 {[%emt 0:03:39]} Bxh4 {[%emt 0:01:27]} 31. Bxg4 {[%emt 0:00:41]} Nxg4 {[%emt 0:01:06]} 32. Rxf5 {[%emt 0:00:19]} Bxf5 {[%emt 0:00:11]} 33. Qxf5+ {[%emt 0:00:18]} Kh8 {[%emt 0:00:02]} 34. Qxg4 {[%emt 0:00:30]} Bg5 {[%emt 0:00:41]} 35. Rf1 {[%emt 0:00:19]} Qe7 {[%emt 0:02:54]} 36. Qh5 {[%emt 0:02:32]} Rf8 {[%emt 0:01:18]} 37. Ra1 {[%emt 0:01:07]} Qe3+ {[%emt 0:00:53]} 38. Kg2 {[%emt 0:00:34]} Rf2+ {[%emt 0:00:20]} 39. Kh3 {[%emt 0:00:08]} Qxe2 {[%emt 0:00:13]} 40. Qxe2 {[%emt 0:00:25]} Rxe2 {[%emt 0:00:08]} 41. Ra6 {[%emt 0:30:09]} Rd8 {[%emt 0:30:16]} 42. Ra7 {[%emt 0:00:28]} Re3 {[%emt 0:00:10]} 43. Kg4 {[%emt 0:00:07]} Rxb3 {[%emt 0:00:13]} 44. h4 {[%emt 0:00:15]} Bd2 {[%emt 0:00:18]} 45. Kh5 {[%emt 0:00:20]} Re3 {[%emt 0:00:50]} 46. Kg6 {[%emt 0:00:29]} Rxg3+ {[%emt 0:00:06]} 47. Kh5 {[%emt 0:00:05]} Re3 {[%emt 0:00:20]} 48. Kg6 {[%emt 0:00:12]} Rg8+ {[%emt 0:00:17]} 49. Kxh6 {[%emt 0:00:10]} Re5# {[%emt 0:00:28]} 0-1

[Event "14th Poti Open-A 2019"]
[Site "Poti"]
[Date "2019.07.14"]
[Round "2.28"]
[White "Gogia, Alexandre"]
[Black "Sturua, Tengiz"]
[Result "1-0"]
[WhiteElo "1368"]
[BlackElo "1182"]
[Annotator "NA"]
[PlyCount "57"]
[EventDate "2019.07.13"]
[EventType "swiss"]
[EventCountry "GEO"]
[SourceTitle "playchess.com"]
[Source "ChessBase"]
[SourceQuality "1"]
[TimeControl "40/5400+30:1800+30"]

1. d4 d5 2. Nf3 Nf6 3. e3 e6 4. Bd3 c5 5. c3 Nc6 6. Nbd2 Bd6 7. dxc5 Bxc5 8. b4 Bd6 9. O-O O-O 10. Re1 Bd7 11. a3 Qc7 12. Bb2 Rac8 13. c4 dxc4 14. Nxc4 Kh8 15. Bxf6 gxf6 16. Bxh7 Bxh2+ 17. Nxh2 Kxh7 18. Qh5+ Kg7 19. Qg4+ Kh7 20. Qh4+ Kg7 21. Ng4 Rh8 22. Qxf6+ Kg8 23. Nh6+ Rxh6 24. Qxh6 Ne7 25. Rac1 Nf5 26. Qg5+ Kh7 27. e4 Rg8 28. Qh5+ Nh6 29. Ne5 1-0

[Event "14th Poti Open-A 2019"]
[Site "Poti"]
[Date "2019.07.15"]
[Round "3.1"]
[White "Pantsulaia, Levan"]
[Black "Shahinyan, David"]
[Result "1-0"]
[WhiteElo "2612"]
[BlackElo "2445"]
[Annotator "TA"]
[PlyCount "97"]
[EventDate "2019.07.13"]
[EventType "swiss"]
[EventCountry "GEO"]
[SourceTitle "playchess.com"]
[Source "ChessBase"]
[SourceQuality "1"]

{[%evp 12,97,0,-17,-10,0,0,5,19,0,14,15,12,8,40,52,85,77,99,83,129,131,125,145,145,152,137,136,210,194,210,209,283,291,254,176,168,113,143,133,182,173,181,133,200,181,245,235,347,361,364,360,573,560,617,389,600,531,583,571,1032,1008,1830,1737,1860,1764,1367,1355,1224,1225,788,1183,1084,1066,673,708,913,773,5850,5850,5185,4137,29988,29989,29989,29990,29990,29991]} 1. g3 d5 2. Nf3 Nc6 3. c4 d4 4. Bg2 e5 5. d3 Nf6 6. O-O a5 7. Na3 Bc5 {A09: Réti Opening: 1 Nf3 d5 2 c4} 8. Nb5 h6 (8... O-O 9. Bg5 Be7 10. e3 dxe3 11. Bxe3 Bf5 12. d4 exd4 13. Nfxd4 Nxd4 14. Nxd4 Be4 15. Bxe4 Nxe4 {1-0 (53) Topalov,V (2761)-Giri,A (2782) Leuven 2016}) 9. e3 O-O {The position is equal.} 10. exd4 Bxd4 11. Nbxd4 $146 ({Predecessor:} 11. Nfxd4 Nxd4 12. Nxd4 Qxd4 13. Qb3 Rd8 14. Be3 Qg4 {½-½ (14) Neumeier,K (2284)-Matt,F (2276) Austria 2016}) 11... exd4 12. Re1 Ra6 13. b3 Ne7 14. Ba3 Re8 15. Qd2 Nf5 16. Rxe8+ Nxe8 17. Re1 Nf6 18. h3 a4 {With the idea ...axb3.} 19. b4 Re6 (19... b5 $16 20. Re5 (20. cxb5 Re6 $16) 20... Rb6 21. cxb5 Bd7) 20. Rxe6 $18 Bxe6 21. b5 c6 22. bxc6 bxc6 23. g4 Ne7 24. Bc5 (24. Qf4 $18) 24... Nd7 25. Bxd4 Ng6 26. Be3 $36 {[%mdl 2048] White is on the roll.} c5 27. Qb2 Qc7 (27... f5 $16) 28. Qb5 Nf4 (28... f5 {was worth a try.} 29. gxf5 (29. Qxa4 fxg4 30. Qa6 Ndf8 $16) 29... Bxf5) 29. Bf1 (29. Qxa4 $6 Nxg2 30. Kxg2 Qb7 $16) 29... Qd6 (29... h5 $142 30. Ng5 (30. Qxa4 Nxh3+ 31. Bxh3 hxg4 $16) 30... Nf8 31. gxh5 (31. Qxc5 Qxc5 32. Bxc5 hxg4 $18) (31. Qxa4 hxg4 32. Nxe6 N4xe6 $18) 31... Bf5 32. Qxa4 Nxd3) 30. d4 ({Resist} 30. Qxa4 $6 Nxd3 31. Qa8+ Nf8 $18) 30... cxd4 31. Nxd4 h5 (31... g5 $142 32. c5 Nxc5) 32. Qg5 Ng6 33. gxh5 Nge5 (33... Ngf8 $142 34. h6 g6) 34. Qd8+ Kh7 {[#]} 35. c5 $1 Qd5 (35... Qxc5 36. Nxe6) 36. Bg2 Qxa2 37. Be4+ f5 38. Nxf5 {Intending Nh6+ and mate.} Nf6 39. Qf8 {[%csl Gf5][%cal Rf8g7]} Nf3+ 40. Kg2 {[%csl Gf5][%cal Rf8g7]} Nh4+ 41. Nxh4+ Nxe4 42. Ng6 {[%csl Gg6][%cal Rf8h8]} Bg8 43. c6 {Black must now prevent c7.} Qc4 44. Ne7 {White threatens Qf5+ and mate.} Be6 45. h6 {[%csl Gh6][%cal Rf8g7]} Qc3 46. Qf4 Qd3 {[#]} 47. Qe5 $1 {[%csl Gh6][%cal Re5g7][%mdl 64] Double Attack. White mates.} Bxh3+ 48. Kxh3 {[%csl Gh6][%cal Re5g7]} Nxf2+ {[#]} 49. Kg2 $1 {Accuracy: White = 84%, Black = 25%.} 1-0

[Event "14th Poti Open-A 2019"]
[Site "Poti"]
[Date "2019.07.15"]
[Round "3.2"]
[White "Chkhaidze, Nikoloz"]
[Black "Paichadze, Luka"]
[Result "1/2-1/2"]
[WhiteElo "2330"]
[BlackElo "2567"]
[Annotator "TA"]
[PlyCount "119"]
[EventDate "2019.07.13"]
[EventType "swiss"]
[EventCountry "GEO"]
[SourceTitle "playchess.com"]
[Source "ChessBase"]
[SourceQuality "1"]

{[%evp 10,119,10,-7,34,29,38,18,25,31,48,44,47,21,27,30,18,10,28,38,53,38,48,12,36,39,16,37,41,47,50,0,0,0,0,0,0,-13,-15,-13,-12,-14,7,6,17,0,0,0,25,18,18,19,22,18,29,14,12,-15,-12,-8,-11,-59,-58,-64,-66,-65,-68,-62,-61,-60,-59,-67,-8,-8,-8,-9,-8,-8,-8,-8,-8,-26,-8,-26,-26,-34,-8,-8,0,0,0,0,0,0,278,70,70,70,70,70,70,70,70,70,70,0,70,70,69,0,0,0]} 1. d4 Nf6 2. c4 e6 3. Nc3 Bb4 4. Qc2 O-O 5. e4 d6 6. e5 Nfd7 {E32: Nimzo-Indian: Classical (4 Qc2): 4...0-0} (6... dxe5 7. dxe5 Nfd7 8. Nf3 Nc6 9. Ng5 g6 10. f4 Nc5 11. Be3 f6 12. exf6 Qxf6 13. O-O-O Bxc3 14. Qxc3 Qxc3+ 15. bxc3 {1-0 (25) Vallejo Pons,F (2695)-Predke,A (2622) St Petersburg 2018}) 7. Nf3 c5 8. exd6 cxd4 9. Nxd4 Bxd6 10. Be3 Nc6 11. Nxc6 bxc6 12. Rd1 $146 ({Predecessor:} 12. O-O-O Qc7 13. Ne4 Be5 14. Ng5 {½-½ (46) Pacher,M (2403)-Babula,V (2572) Slovakia 2011}) 12... Qc7 13. Qd2 Be5 14. Be2 Rb8 15. h3 f5 {next ...f4 is good for Black.} 16. O-O f4 17. Bd4 Bxd4 18. Qxd4 e5 19. Qd2 Nc5 20. Bf3 Bf5 21. Qd6 Qxd6 22. Rxd6 e4 23. Bg4 Bxg4 ({But not} 23... Rxb2 $6 24. Bxf5 Rxf5 25. Rxc6 $14) 24. hxg4 Rxb2 {Black wants to play ...e3.} 25. Rxc6 Nd3 {Threatening ...e3.} 26. Nxe4 f3 27. gxf3 Ne5 28. Rc7 Re2 29. Kg2 {Hoping for Rb1.} Nxf3 30. Ng3 Ne1+ $1 31. Kh3 Rf3 32. g5 Nd3 33. Kg2 Rexf2+ 34. Rxf2 Rxf2+ $11 {[%mdl 4096] Endgame KRN-KRN} 35. Kh3 Nf4+ $1 36. Kg4 Ne6 $1 37. Rxa7 Rf4+ {[%mdl 64] [#] Double Attack} 38. Kh3 Nxg5+ 39. Kg2 Rxc4 40. Nf5 {Strongly threatening Ra8+.} Rc2+ (40... Rg4+ $1 $15 41. Kh2 Nf3+ 42. Kh3 h5) 41. Kg3 g6 42. Nh6+ $1 Kh8 43. a4 Rc4 44. a5 Ra4 45. Ng4 Ne4+ 46. Kf3 h5 {...Ng5+ is the strong threat.} 47. Ne5 g5 48. a6 g4+ 49. Kf4 Kg8 50. Kf5 Nc5 51. Kg6 {[%cal Ra7a8]} Ne6 $2 {[%mdl 8192] [#]} (51... Rxa6+ $11 {and Black has nothing to worry.} 52. Rxa6 Nxa6) 52. Ra8+ $2 (52. Kf6 $1 $18 {[%cal Rf6e6]} Ra2 53. Kxe6) 52... Nf8+ $14 53. Kh6 $1 ({Reject} 53. Kxh5 g3 $15) 53... g3 54. Ng6 {[%csl Gg6][%cal Ra8f8]} Kf7 55. Rxf8+ Ke6 56. Nf4+ Ke7 57. Ng6+ (57. Rg8 $14 Rxa6+ 58. Kxh5) 57... Kd7 ({Black should play} 57... Ke6 $1 $11) 58. Rf1 h4 59. Nxh4 (59. Rg1 $14) 59... Rxh4+ $11 60. Kg5 {Accuracy: White = 64%, Black = 58%.} 1/2-1/2

[Event "14th Poti Open-A 2019"]
[Site "Poti"]
[Date "2019.07.15"]
[Round "3.3"]
[White "Nikoladze, Sopio"]
[Black "Sanikidze, Tornike"]
[Result "0-1"]
[WhiteElo "2124"]
[BlackElo "2509"]
[Annotator "TA"]
[PlyCount "136"]
[EventDate "2019.07.13"]
[EventType "swiss"]
[EventCountry "GEO"]
[SourceTitle "playchess.com"]
[Source "ChessBase"]
[SourceQuality "1"]

{[%evp 15,136,29,39,34,50,41,56,0,0,0,0,0,0,4,12,11,18,13,16,-16,-6,-87,-87,-118,-108,-120,-69,-118,-131,-130,-53,-63,-59,-69,-42,-42,-47,-47,-21,-57,0,0,0,0,0,-66,0,0,251,182,226,229,471,0,509,504,485,-69,-70,-79,-72,-86,-54,-54,0,-88,-91,-92,-86,-87,-82,-112,-112,-111,-111,-203,-203,-203,-195,-712,-703,-560,-174,-574,-129,-3617,-4092,-664,-793,-1171,-2159,-1031,-1349,-2918,-915,-1929,-1041,-1543,-1618,-1654,-1217,-793,-532,-547,-294,-294,-294,-29974,-29976,-29972,-29972,-29954,-29962,-29973,-29967,-29979,-29981,-29984,-29985,-29985,-29986,-29986,-29985]} 1. d4 g6 2. e4 Bg7 3. Nc3 d6 4. Nf3 Nd7 5. Bc4 e6 6. Bg5 Ne7 7. Qd2 h6 8. Be3 a6 9. a4 {B06: Modern Defence} b6 10. O-O Bb7 11. Ne1 (11. h3 $14) (11. h3 Nf6 12. d5 e5 13. Nh2 g5 14. Rfe1 Ng6 {½-½ (43) Miljkovic,M (2483)-Dreev,A (2634) Kraljevo 2015}) 11... Nf6 $11 12. f3 d5 13. exd5 $146 ({Predecessor:} 13. Bd3 dxe4 14. fxe4 Ng4 15. Ne2 Nxe3 16. Qxe3 {0-1 (23) Boulahfa,H (2022)-Both,E (2234) Brasschaat 2009}) 13... Nfxd5 14. Nxd5 Bxd5 (14... Nxd5 {keeps more tension.} 15. Bf2 Qg5 16. Qxg5 hxg5 17. c3 Bf8) 15. Bd3 Bb7 16. Be4 Nd5 17. Bxd5 Qxd5 18. c4 (18. a5 $11 {keeps the balance.}) 18... Qxc4 $17 19. Rc1 Qxa4 20. Rxc7 Bd5 (20... a5 $1 $17 21. Nc2 (21. Rxb7 $2 Qc6 $17) (21. b3 Qb5 $17) 21... Ba6) 21. Nc2 O-O 22. Ra1 Qb3 (22... Qb5 $17 23. Nb4 Rfc8 24. Nxd5 exd5) 23. Nb4 $15 {Ra3 is the strong threat.} a5 $1 24. Nd3 $1 Rac8 (24... Rfc8 $5 {[%cal Rc8c7]} 25. Rac1 Rxc7 26. Rxc7 a4 $17) 25. Rac1 $1 Rxc7 26. Rxc7 h5 27. Ne5 a4 (27... Qb4 $15) 28. h4 a3 29. bxa3 Qxa3 30. Nd7 (30. Bg5 $11) 30... Rd8 (30... Re8 $15) 31. Bg5 $11 Ra8 $2 {[%mdl 8192]} (31... Qa1+ $11 32. Kh2 Rxd7 $1 {[%mdl 512]} 33. Rxd7 Qxd4) 32. Nf6+ $1 $18 Kh8 33. Rxf7 {Hoping for Qc2.} Bxf3 $2 (33... Ra7 34. Nd7 (34. Rxa7 Qxa7 35. Qf4 b5 $14) 34... Qa1+ 35. Kh2 Rxd7 36. Rxd7 Qxd4) 34. Bh6 $2 ({Inferior is} 34. gxf3 Qa1+ 35. Qc1 Qxc1+ 36. Bxc1 Ra1 $15) (34. Rxg7 $18 {[%csl Gf6][%cal Rg7h7]} Qa1+ 35. Kh2 Kxg7 36. Qf4 (36. gxf3 $2 Ra2 $19)) 34... Qa1+ $2 {[%mdl 8192] [#]} (34... Bxf6 $1 $11 35. Bg5 Kg8 36. Rxf6 {[%mdl 64] Double Attack} Be4) 35. Kh2 $1 {[%csl Gf7][%cal Rh6g7][%mdl 512]} Bxf6 36. Bf8 $2 {[#]} (36. Bg5 $1 $18 {[%cal Rg5f6]} Kg8 37. Rxf6 {[%mdl 64] Double Attack}) 36... Be5+ $1 $15 37. dxe5 Qxe5+ 38. Kg1 {Intending Qh6+ and mate.} Qa1+ 39. Kh2 Qe5+ 40. Kg1 $1 {White threatens Qh6+ and mate.} Kg8 41. Bg7 Qe2 42. Qxe2 Bxe2 $17 {[%mdl 4096] Endgame KRB-KRB} 43. Rb7 b5 44. Be5 Bd3 45. Rb8+ (45. Kf2 $17) 45... Rxb8 $19 46. Bxb8 {KB-KB} Kf7 $1 47. Be5 $2 {[#]} (47. Kf2) 47... g5 $1 48. hxg5 Kg6 $2 (48... b4 49. Kf2 Kg6) 49. g3 $2 (49. Bd6 {was the crucial defense.}) 49... Kxg5 $2 (49... b4 $1 $19 {has better winning chances.} 50. Bf6 Kf5) 50. Kf2 $2 {[%mdl 8192] [#]} (50. Bd6 $17) 50... b4 $1 51. Ke3 Bc2 52. Bb2 Kf5 (52... Kg4 $142 53. Be5 Kf5) 53. Ba1 e5 54. Bb2 b3 55. Ba1 e4 56. Bb2 Kg4 57. Be5 Kh3 58. Kf2 Bb1 59. Kf1 {If only White now had time for Kf2....} Bd3+ 60. Kf2 Bc2 61. Ke3 $2 {[#]} (61. Kf1 $19) 61... Kg2 $1 {Black mates.} 62. Ke2 Bd3+ 63. Ke3 Kf1 64. Bc3 Bc2 65. Be5 Ke1 66. Kf4 Kd2 67. Bd4 Kd3 68. Be5 Bd1 {Accuracy: White = 34%, Black = 60%.} 0-1

[Event "14th Poti Open-A 2019"]
[Site "Poti"]
[Date "2019.07.15"]
[Round "3.4"]
[White "Maghalashvili, Davit"]
[Black "Melkonyan, Vardan"]
[Result "1-0"]
[WhiteElo "2485"]
[BlackElo "2232"]
[Annotator "TA"]
[PlyCount "69"]
[EventDate "2019.07.13"]
[EventType "swiss"]
[EventCountry "GEO"]
[SourceTitle "playchess.com"]
[Source "ChessBase"]
[SourceQuality "1"]

{[%evp 14,69,20,14,13,29,27,31,39,27,13,12,27,23,18,9,19,0,0,0,1,-6,0,2,0,-8,0,0,0,0,-21,-29,-5,-11,0,-8,0,-7,19,12,47,38,68,14,157,136,187,166,193,190,182,162,195,230,727,720,733,676]} 1. Nf3 d5 2. g3 Nf6 3. Bg2 c6 4. O-O Bg4 5. d3 Nbd7 6. h3 Bh5 7. Nbd2 e5 8. e4 dxe4 {A07: Réti Opening: New York and Capablanca Systems} (8... Be7 9. Qe1 O-O 10. Nh4 Re8 11. Nf5 Bf8 12. Nb3 Qc7 13. a4 h6 14. Nh4 dxe4 15. dxe4 c5 16. Nd2 c4 17. Nb1 Nc5 18. g4 Bg6 19. Nxg6 fxg6 {1-0 (63) Malakhov,V (2712)-Rodshtein,M (2698) Chartres 2017}) 9. dxe4 Qc7 10. Qe1 Bxf3 {White is slightly better.} 11. Nxf3 a5 12. a4 $146 ({Predecessor:} 12. Nh4 Bc5 13. Nf5 g6 14. Nh6 Ng8 15. Qe2 Nxh6 16. Bxh6 {1-0 (59) Moser,E (2402)-Karlovich,A (2198) Germany 2008}) 12... Bb4 13. Qe2 O-O 14. Nh4 Rfe8 15. Bg5 h6 16. Be3 Bc5 17. Bd2 Bb4 18. c3 Bf8 19. Be3 Bc5 20. Bd2 Qb6 21. Rfb1 Qb3 22. Qf3 Bf8 23. Nf5 Kh7 24. g4 g6 25. Ne3 Rad8 26. Bf1 {Bc4 is the strong threat.} Qe6 27. b4 $1 Bg7 28. h4 ({Reject} 28. bxa5 Nc5 $15) (28. Bc1 $14) 28... Qe7 (28... axb4 $11 29. g5 hxg5 30. hxg5 Nh5) 29. g5 $16 hxg5 (29... Nh5 $16 {is a better defense.}) 30. hxg5 $18 Nh5 {[#]} 31. Nf5 $1 $36 {[%cal Rf5e7][%mdl 2560] Black is under strong pressure.} Qf8 (31... gxf5 32. Qxh5+) 32. bxa5 {Strongly threatening Be3.} Nc5 33. Be3 Nf4 $2 (33... Kg8 34. Bxc5 Qxc5) 34. Qh1+ Kg8 35. Nxg7 {Accuracy: White = 60%, Black = 33%.} 1-0